000 00340nam a2200109Ia 4500
008 180116s9999 xx 000 0 und d
020 _a9781118949658
100 _aIverson, Suzanne L.
245 _cSuzanne L. Iverson, Dennis A. Smith
_aMetabolite Safety in Drug Development /
260 _bJohn Wiley & Sons, Inc
_c2016
300 _a331 pages
999 _c353213
_d353213